000 00747cam a2200253 i 4500
999 _c58931
_d58931
001 58931
003 Mx-PuUPA
005 20220510101337.0
008 140415s2010 mx 000 0 spa d
020 _a9789706850119
040 _aMx-PuUPA
_bspa
_cMx-PuUPA
_dMx-PuUPA
_erda
041 0 _aspa
100 1 _aLarrañaga, Ignacio,
_eautor
_99882
245 1 0 _aSalmos para la vida /
_cIgnacio Larrañaga
264 1 _aMéxico, D.F. :
_bEditorial Alba,
_c©1990
300 _a199 páginas
_c22 cm
336 _atexto
_2rdacontent
_btxt
337 _asin medio
_2rdamedia
_bn
338 _avolumen
_2rdacarrier
_bnc
650 1 4 _aPoesía religiosa
942 _2ddc
_cLI
_h223.2
_iL318